000 00387nam a22001697a 4500
005 20160620170545.0
008 160620b xxu||||| |||| 00| 0 eng d
020 _a81-203-1219-8
041 _aeng
082 _b8616
100 _aBatra,Rajiv and others
_92355
245 _aAdvertising Management
260 _bPHI
_c1998
300 _a736
650 _aManagement
_9241
942 _cBK
999 _c3329
_d3328